| 000 | 01146nam a2200289 i 4500 | ||
|---|---|---|---|
| 001 | 185142 | ||
| 003 | SpMaBN | ||
| 005 | 20250719173738.0 | ||
| 008 | 160328s2015 sp ace |||| |dspa d | ||
| 020 | _a978-84-606-7209-8 | ||
| 080 | _a811.134.2:061.22(460)(091) | ||
| 100 | 1 |
_aZamora Vicente, Alonso. _9117952 |
|
| 245 | 1 | 3 |
_aLa Real Academia Española / _cAlonso Zamora Vicente ; [dirección científica, Darío Villanueva]. |
| 246 | 3 | _aHistoria de la Real Academia Española | |
| 250 | _a2ª ed. de la "Historia de la Real Academia Española". | ||
| 260 |
_a[Madrid] : _bReal Academia Española : _bFundación Mª Cristina Masaveu Peterson, _c[2015] |
||
| 300 |
_a649 p. : _bil. col., retr. ; _c25 x 22 cm. |
||
| 500 | _aÍndice onomástico. | ||
| 504 | _aBibliografía: p. 596-627. | ||
| 610 | 2 | 7 |
_aReal Academia Española- _vHistoria. _9159226 |
| 700 | 1 |
_aVillanueva, Darío, _d1950- _9241353 |
|
| 710 | 2 |
_aReal Academia Española _96336 |
|
| 852 |
_aES-MaACL _jA-13664 _9192161 _bR.150921 _cDEPO1 _dOlim: N-6664 _x enc. tela |
||
| 942 |
_2udc _cMONOGRAFIA |
||
| 999 |
_c185142 _d185142 |
||